Benefits of campus open spaces in higher educational Institutes (Record no. 524003)

000 -LEADER
fixed length control field 00392nam a22001337a 4500
008 - FIXED-LENGTH DATA ELEMENTS--GENERAL INFORMATION
fixed length control field 231020b ||||| |||| 00| 0 eng d
100 ## - MAIN ENTRY--PERSONAL NAME
Personal name Chichkhede, Nupur and Natu, Abhijit
245 ## - TITLE STATEMENT
Title Benefits of campus open spaces in higher educational Institutes
260 ## - PUBLICATION, DISTRIBUTION, ETC. (IMPRINT)
Place of publication, distribution, etc Nagarlok
300 ## - PHYSICAL DESCRIPTION
Extent 55(1), Mar, 2023: p.101-118
773 ## - HOST ITEM ENTRY
Main entry heading Nagarlok
906 ## - LOCAL DATA ELEMENT F, LDF (RLIN)
Subject DIP EDUCATION
942 ## - ADDED ENTRY ELEMENTS (KOHA)
Item type Articles
Holdings
Withdrawn status Lost status Source of classification or shelving scheme Damaged status Not for loan Permanent location Current location Date acquired Serial Enumeration / chronology Barcode Date last seen Koha item type
          Indian Institute of Public Administration Indian Institute of Public Administration 2023-10-20 55(1), Mar, 2023: p.101-118 AR129887 2023-10-20 Articles

Powered by Koha